000
00208 a2200097 4500
001
29810
100
_a
AMC
245
_a
Engg design H/B Principles of Explosive
260
_a
_b
AMC
_c
090
_c
19826
_d
19826
942
_a
NUST-CAE
_c
M
_c
10920
999
_c
264883
_d
264883